| 000 | 00974nam a2200265 a 4500 | ||
|---|---|---|---|
| 001 | 000022453 | ||
| 003 | OSt | ||
| 005 | 20260321073640.0 | ||
| 008 | 101011s1998 dr ac 000 0 spa d | ||
| 020 | _a1887691073 | ||
| 040 |
_aDO-SdBNP _bspa _cBNPHU |
||
| 082 |
_a972.93054 _bC957j |
||
| 100 | 1 |
_aCruz, Víctor Manuel de la _d1961- _912341 |
|
| 245 | 1 | 0 |
_aJuan Bosch, Láutico García y la iglesia católica / _cVíctor Manuel de la Cruz. |
| 260 |
_aSanto Domingo : _bBúho, _c1998. |
||
| 300 |
_a157 p. : _bil., retr. ; _c24 cm. |
||
| 500 | _aIncluye datos biográficos del autor en la solapa de la cubierta | ||
| 590 | _aInventariado, 2019/MFF | ||
| 600 | 1 | 0 |
_a Bosch, Juan, _d1909-2001 _976555 |
| 600 | 1 | 4 |
_aGARCÍA, LÁUTICO _d1923- _946279 |
| 650 | 1 | 4 |
_aIglesia católica _zRepública Dominicana _xActividad política _xHistoria _ySiglo XX _946280 |
| 650 | 4 |
_aComunismo _zRepública Dominicana _944646 |
|
| 910 | _aValidado. Control de calidad MFF | ||
| 942 |
_2ddc _cLBS1 |
||
| 999 |
_c21951 _d21951 |
||